| 000 | 00712cam a2200193 4500 | ||
|---|---|---|---|
| 001 | J64190 | ||
| 008 | 000000n1982 000 0 eng u | ||
| 035 | _a(Sirsi) u112289 | ||
| 110 |
_aInstitute of Building Control _93341 |
||
| 245 | _aInstitution of Building Control Officers Weeknd School 1982 - presented by the Northern District | ||
| 260 |
_aEpsom _bIBC _c1982 |
||
| 300 | _a20p. ; 23cm. | ||
| 520 | _aStored in basement. Sixth Weekend School at Van Mildert College Durham on March 26th, 27th and March 28th 1982. | ||
| 650 | _aIBC | ||
| 650 | _aINSTITUTE OF BUILDING CONTROL | ||
| 650 | _aPROFESSIONAL ASSOCIATIONS | ||
| 690 | _aMANAGEMENT-BUSINESS MANAGEMENT-PROFESSIONAL PRACTICE | ||
| 942 | _n0 | ||
| 999 |
_c101392 _d101392 |
||